00263nam a2200097Ia 4500008004100000020001800041100002300059245003800082260003100120300001400151171211s9999 xx 000 0 und d a9780857112651 aPreston, Claire L. aStockley's Drug Interactions 2016 bPharmaceutical Pressc2016 a711 pages